Elements of the Periodic Table - Symbols - Statistics

General Stats
  • This quiz has been taken 410 times
  • The average score is 5 of 40
Answer Stats
Hint Answer % Correct
Calcium Ca
43%
Oxygen O
42%
Neon Ne
33%
Erbium Er
29%
Sulfur S
29%
Carbon C
26%
Nitrogen N
25%
Xenon Xe
24%
Berkelium Bk
23%
Hafnium Hf
23%
Nihonium Nh
23%
Polonium Po
22%
Ruthenium Ru
22%
Europium Eu
21%
Selenium Se
21%
Silicon Si
21%
Iodine I
20%
Molybdenum Mo
20%
Dubnium Db
19%
Germanium Ge
19%
Lead Pb
19%
Silver Ag
18%
Titanium Ti
18%
Boron B
17%
Hydrogen H
17%
Magnesium Mg
17%
Seaborgium Sg
17%
Samarium Sm
17%
Mercury Hg
16%
Potassium K
16%
Sodium Na
16%
Nickel Ni
16%
Copper Cu
15%
Lutetium Lu
15%
Rhodium Rh
15%
Aluminum Al
14%
Astatine At
14%
Fluorine F
14%
Flerovium Fl
14%
Radium Ra
14%
Rubidium Rb
14%
Technetium Tc
14%
Tungsten W
14%
Bismuth Bi
13%
Iron Fe
13%
Livermorium Lv
13%
Neodymium Nd
13%
Neptunium Np
13%
Phosphorus P
13%
Platinum Pt
13%
Scandium Sc
13%
Zinc Zn
13%
Beryllium Be
12%
Bromine Br
12%
Iridium Ir
12%
Cerium Ce
11%
Chlorine Cl
11%
Copernicium Cn
11%
Cesium Cs
11%
Holmium Ho
11%
Indium In
11%
Manganese Mn
11%
Antimony Sb
11%
Zirconium Zr
11%
Gold Au
10%
Francium Fr
10%
Helium He
10%
Mendelevium Md
10%
Meitnerium Mt
10%
Niobium Nb
10%
Praseodymium Pr
10%
Rutherfordium Rf
10%
Vanadium V
10%
Barium Ba
9%
Cadmium Cd
9%
Gadolinium Gd
9%
Lithium Li
9%
Oganesson Og
9%
Osmium Os
9%
Rhenium Re
9%
Radon Rn
9%
Tantalum Ta
9%
Arsenic As
8%
Roentgenium Rg
8%
Hassium Hs
7%
Krypton Kr
7%
Thulium Tm
7%
Americium Am
6%
Curium Cm
6%
Gallium Ga
6%
Promethium Pm
6%
Tin Sn
6%
Strontium Sr
6%
Uranium U
6%
Actinium Ac
5%
Bohrium Bh
5%
Californium Cf
5%
Cobalt Co
5%
Chromium Cr
5%
Fermium Fm
5%
Lanthanum La
5%
Lawrencium Lr
5%
Plutonium Pu
5%
Thorium Th
5%
Tennessine Ts
5%
Argon Ar
4%
Darmstadtium Ds
4%
Einsteinium Es
4%
Yttrium Y
4%
Dysprosium Dy
0%
Moscovium Mc
0%
Nobelium No
0%
Protactinium Pa
0%
Palladium Pd
0%
Terbium Tb
0%
Tellurium Te
0%
Thallium Tl
0%
Ytterbium Yb
0%
No matching quizzes found
Score Distribution
Percent of People with Each Score
Percentile by Number Answered
Your Score History
You have not taken this quiz